University Home | Library Home | Institutional Repository

The complete works and letters of Charles Lamb. (Record no. 86438)

MARC details
000 -LEADER
fixed length control field 00743cam6a220022900 4500
001 - CONTROL NUMBER
control field lce00528375
008 - FIXED-LENGTH DATA ELEMENTS--GENERAL INFORMATION
fixed length control field 731009s1935 nyu 000 0deng
010 ## - LIBRARY OF CONGRESS CONTROL NUMBER
LC control number 35022367 //r83
035 ## - SYSTEM CONTROL NUMBER
System control number (Sirsi) r125800
035 ## - SYSTEM CONTROL NUMBER
System control number (DLC) 35022367 //r83
035 ## - SYSTEM CONTROL NUMBER
System control number (UPRA)lce00528375
050 0# - LIBRARY OF CONGRESS CALL NUMBER
Classification number PR4860
Item number .A2 1935
082 ## - DEWEY DECIMAL CLASSIFICATION NUMBER
Classification number 824.75
100 1# - MAIN ENTRY--PERSONAL NAME
Personal name Lamb, Charles, 1775-1834.
Dates associated with a name Lamb, Charles, 1775-1834.
Linkage A5628.1
240 10 - UNIFORM TITLE
Uniform title Works
245 14 - TITLE STATEMENT
Title The complete works and letters of Charles Lamb.
260 ## - PUBLICATION, DISTRIBUTION, ETC.
Place of publication, distribution, etc. New York,
Name of publisher, distributor, etc. The Modern library
Date of publication, distribution, etc. [c1935]
490 0# - SERIES STATEMENT
Series statement The Modern library of the world's best books
Linkage S19674.2
500 ## - GENERAL NOTE
General note "First Modern library edition."
949 ## - LOCAL PROCESSING INFORMATION (OCLC)
a PR4860
w lcc
i -180585
m MAIN
t BOOK
l ON-SHELF

No items available.

© 2026 - The University of Zambia Library - Koha v25.11